Metodos de inmunohistoquimica : manual teorico-practico (Registro nro. 72346)

Detalles MARC
001 - NÚMERO DE CONTROL
campo de control 151204
005 - FECHA Y HORA DE LA ÚLTIMA TRANSACCIÓN
campo de control 20260506075403.0
008 - DATOS DE LONGITUD FIJA--INFORMACIÓN GENERAL
campo de control de longitud fija 971127s1985 spa
035 ## - NÚMERO DE CONTROL DEL SISTEMA
Número de control de sistema 151204
035 ## - NÚMERO DE CONTROL DEL SISTEMA
Número de control de sistema (OCoLC)778001323
040 ## - FUENTE DE LA CATALOGACIÓN
Centro/agencia transcriptor comduadb
041 ## - CÓDIGO DE LENGUA
Código de lengua del texto/banda sonora o título independiente spa
080 ## - NÚMERO DE LA CLASIFICACIÓN DECIMAL UNIVERSAL
Número de la Clasificación Decimal Universal QW
100 10 - ENTRADA PRINCIPAL--NOMBRE DE PERSONA
Nombre de persona Escovar Velasquez, Genarina
Código de función aut
Término indicativo de función/relación Autor/a
9 (RLIN) 257977
245 10 - MENCIÓN DE TÍTULO
Título Metodos de inmunohistoquimica : manual teorico-practico
260 ## - PUBLICACIÓN, DISTRIBUCIÓN, ETC.
Lugar de publicación, distribución, etc. Medellín :
Nombre del editor, distribuidor, etc. Universidad de Antioquia. Facultad de Medicina,
Fecha de publicación, distribución, etc. 1985.
300 ## - DESCRIPCIÓN FÍSICA
Extensión 85 páginas
650 ## - PUNTO DE ACCESO ADICIONAL DE MATERIA--TÉRMINO DE MATERIA
Término de materia o nombre geográfico como elemento de entrada Tecnica de anticuerpos fluorescentes
9 (RLIN) 52567
942 ## - ELEMENTOS DE ENTRADA AGREGADA (KOHA)
Tipo de ítem Koha Libros
Existencias
Estado de retiro Estado de pérdida Estado dañado No para préstamo Código de colección Localización permanente Ubicación/localización actual Fecha de adquisición Fuente de adquisición Número de inventario Total de préstamos Signatura topográfica completa Código de barras Fecha visto por última vez Número de copia Precio válido a partir de Tipo de ítem Koha
        Colección Historia de la Medicina Biblioteca Médica, Campus Medellín Biblioteca Médica, Campus Medellín 27/11/1997 Material adquirido por donación C207125   QW570 E8-85 61000001078993 21/04/2023 1 21/04/2023 Libros - Reserva